000 01099cam a2200277 a 4500
001 531430
005 20060728192115.0
008 870128s1987 enka b 001 0 eng
010 _a 87000818
020 _a0412296608
040 _aDLC
_cDLC
_dDLC
050 0 0 _aTA684
_b.C58 1987
082 0 0 _a624.1821
_222
_bCLA
100 1 _aClarke, A. B.
_q(Antony Bryan),
_d1947-
_97132
245 1 0 _aStructural Steelwork :
_blimit state design /
_cA.B. Clarke and S.H. Coverman.
260 _aLondon ;
_aNew York :
_bChapman and Hall,
_c1987.
300 _axvi, 282 p. :
_bill. ;
_c24 cm.
504 _aIncludes bibliographies and index.
650 0 _aSteel, Structural.
_97133
650 0 _aBuilding, Iron and steel.
_97134
650 0 _aPlastic analysis (Engineering)
_97135
700 1 _aCoverman, S. H.
_q(Sidney H.),
_d1925-
_97136
856 4 2 _3Publisher description
_uhttp://www.loc.gov/catdir/enhancements/fy0648/87000818-d.html
942 _2ddc
_cBB
999 _c12085
_d12085